Hide and Seek - Countries #25 - Statistics

General Stats
  • This quiz has been taken 15 times
  • The average score is 7 of 8
Answer Stats
Answer % Correct
Finland
100%
Iceland
100%
Norway
100%
Sweden
100%
Canada
86%
Russia
86%
United States
79%
They all have land in the arctic.
50%
No matching quizzes found
Score Distribution
Percent of People with Each Score
Percentile by Number Answered
Your Score History
You have not taken this quiz